000 00953nas a2200325 4500
001 BR0102352
003 BR-BrBNA
005 20231205103437.0
007 ta
008 230509b bl.|||p| |||| 00| 00por d
040 _aBR-BrBNA
_bpor
_cBiblioteca Nacional de Agricultura
041 _a(Pt)
072 _aF30
100 1 _aLemos, M.A.
100 1 _aGama, E.E.G. e
100 1 _aParentoni, S.N.
100 1 _aOliveira, A.C. de
100 1 _aReifschneider, F.J.B.
100 1 _aSantos, J.P.O.
100 1 _aTabosa, J.N.
245 1 _aCapacidades geral e específica de combinação em híbridos simples de milho doce
650 _aMILHO DOCE
650 _aHÍBRIDO
650 _aLINHAGEM
650 _aCRUZAMENTO DIALÉLICO
650 _aVARIEDADE
773 0 _tCiência e Agrotecnologia (Brazil)
_xISSN 1413-7054
_g(Jan-Mar 1999), v. 23(1) p. 48-56
_wBR0102352
909 _a202311
_bLúcia
_c55
_dLúcia Elande
942 _2AGRIS
_n0
_cANA
999 _c172895
_d172895